مكتبة جامعة عجلون الوطنية

فهرس بحث المكتبة

Normal view MARC view
  • عليان ، ربحي مصطفى، م مشارك عثمان غنيم

Entry Personal Name

Number of records used in: 1

001 - CONTROL NUMBER

  • control field: 50495

003 - CONTROL NUMBER IDENTIFIER

  • control field: JO-AjAnu

005 - DATE AND TIME OF LATEST TRANSACTION

  • control field: 20230606082319.0

008 - FIXED-LENGTH DATA ELEMENTS

  • fixed length control field: 230606|| aca||aabn | a|a d

040 ## - CATALOGING SOURCE

  • Original cataloging agency: JO-AjAnu
  • Transcribing agency: JO-AjAnu

100 ## - HEADING--PERSONAL NAME

  • Personal name: عليان ، ربحي مصطفى، م مشارك عثمان غنيم

670 ## - SOURCE DATA FOUND

  • Source citation: Work cat.: (JO-AjAnu)25815: عليان ، ربحي مصطفى، م مشارك عثمان غنيم , author, اسايب البحث العلمي النظرية والتطبيق